000 00888cam a22002531 4500
001 f 29000008
003 DLC
005 20260227111249.0
008 761120s1929 dcu 000 0 eng
010 _af 29000008
035 _a(OCoLC)2571082
040 _aDLC
_cTx
_dOCoLC
_dDLC
042 _apremarc
050 0 0 _aSH222.T4
_bP4
100 1 _aPearson, John C.
_q(John Cleary),
_d1902-
245 1 0 _aNatural history and conservation of the redfish and other commercial sciænids on the Texas coast.
_cBy John C. Pearson...
260 _aWashington,
_bU.S. Govt. print. off.,
_c1929.
300 _a1 p. l., p. 129-214
_bincl. illus., tables, diagrs.
_c28 cm.
490 0 _a[U. S.] Bureau of fisheries. Doc.
_vno. 1046
500 _aFrom Bulletin of the Bureau of fisheries, vol. xliv, 1928.
504 _aBibliography: p. 214.
650 0 _aSciaenidae.
650 0 _aFishes
_zTexas.
999 _c23291
_d23291